Govt. of
Madhya Pradesh

Rain Harvesting & Water Conservation (Record no. 64517)

MARC details
000 -LEADER
fixed length control field 00426nam a22001697a 4500
003 - CONTROL NUMBER IDENTIFIER
control field MACL
005 - DATE AND TIME OF LATEST TRANSACTION
control field 20211204123210.0
008 - FIXED-LENGTH DATA ELEMENTS--GENERAL INFORMATION
fixed length control field 211204b |||||||| |||| 00| 0 eng d
040 ## - CATALOGING SOURCE
Transcribing agency MACL
082 ## - DEWEY DECIMAL CLASSIFICATION NUMBER
Classification number 631.7/JHA
100 ## - MAIN ENTRY--PERSONAL NAME
Personal name JHA N. N.
9 (RLIN) 67927
245 ## - TITLE STATEMENT
Title Rain Harvesting & Water Conservation
260 ## - PUBLICATION, DISTRIBUTION, ETC. (IMPRINT)
Place of publication, distribution, etc. Allahabad
Name of publisher, distributor, etc. Anurag Publication
Date of publication, distribution, etc. 2016
300 ## - PHYSICAL DESCRIPTION
Extent p256
650 ## - SUBJECT ADDED ENTRY--TOPICAL TERM
Topical term or geographic name as entry element Water Conservation
9 (RLIN) 6879
942 ## - ADDED ENTRY ELEMENTS (KOHA)
Source of classification or shelving scheme
Koha item type Books
Holdings
Withdrawn status Lost status Source of classification or shelving scheme Damaged status Not for loan Home library Current library Date acquired Cost, normal purchase price Total Checkouts Full call number Barcode Date last seen Price effective from Koha item type
          MACL MACL 04/12/2021 700.00   631.7/JHA CRE033400 02/05/2024 04/12/2021 Books